00501nam a2200193 a 4500001001300000003000900013005001700022008004100039020001000080082001500090100002200105245003400127260004700161300000900208500003500217505001000252650002300262700002200285nice12345678IN_TiNIC20260116012804.0050524s1979 naga grp 000 0 eng  ac10000a274.4bZAC aZachariah, Mathai aSeeking Christ in India Today aNagpurbNational Council of Churchesc1979 a103p aincludes index and biblioraphy2 aIndex aChristianity-India1 aZachariah, Mathai